| 000 | 01091nam a22003137a 4500 | ||
|---|---|---|---|
| 999 |
_c200450120 _d68332 |
||
| 001 | 200450120 | ||
| 003 | TR-AnTOB | ||
| 005 | 20241112163739.0 | ||
| 007 | ta | ||
| 008 | 220929s2021 tu a|||a |||| 00| j tur d | ||
| 020 | _a9789750822179 | ||
| 040 |
_aTR-AnTOB _beng _erda _cTR-AnTOB |
||
| 041 | 0 | _atur | |
| 082 | 0 | 4 |
_a808.068 _bÇAKc 2021 |
| 096 |
_a808.068 _bÇAKc 2021 |
||
| 999 | _aDY 29.09.2022 | ||
| 100 | 1 |
_aÇakır, Devrim _d1980- _eauthor _9138587 |
|
| 245 | 1 | 0 |
_aCici pisi tedi : _byaşasın arkadaşlarımız / _cDevrim Çakır ; Resimleyen: Ayşın Dalibaş Eroğlu. |
| 250 | _a4. baskı | ||
| 264 | 1 |
_aİstanbul : _bYapı Kredi Yayınları, _c2021. |
|
| 300 |
_aUnnumbered pages : _billustrations ; _c28 cm |
||
| 336 |
_2rdacontent _atext _btxt |
||
| 337 |
_2rdamedia _aunmediated _bn |
||
| 338 |
_2rdacarrier _avolume _bnc |
||
| 490 | 1 |
_aYapı Kredi Yaynları : _v3562. _aDoğan Kardeş Kitaplığı : _v388. |
|
| 653 |
_aÇocuk edebiyatı _aÇocuk hikayeleri _aArkadaşlık _aHayvanlar |
||
| 700 | 1 |
_aEroğlu, Ayşın Delibaş, _d1968- _eillustrator _9138588 |
|
| 942 |
_2ddc _cBK |
||